Loading...
| Social Science | 0 | 3 | 0 | 1 | 30 | 89 | 100.33 | 0 | 0 | 3.24 | 8.18 |
| Fine Arts - Painting and Sculpture | 0 | 3 | 0 | 0 | 30 | 72 | 91.33 | 0 | 1 | 8.07 | 16.18 |
| Literature - American | 0 | 2 | 0 | 0 | 20 | 35 | 45.00 | 0 | 1 | 14.06 | 14.55 |
| History - American | 0 | 2 | 0 | 0 | 20 | 12 | 47.50 | 1 | 1 | 12.43 | 13.64 |
| Current Events | 0 | 1 | 0 | 0 | 10 | 45 | 45.00 | 0 | 0 | 32.42 | 25.00 |
| Fine Arts - Other | 0 | 1 | 0 | 0 | 10 | 97 | 97.00 | 0 | 0 | 1.78 | 4.55 |
| Literature - British | 0 | 1 | 0 | 1 | 10 | 145 | 145.00 | 0 | 0 | 0.00 | 1.82 |
| Popular Culture | 0 | 1 | 0 | 0 | 10 | 78 | 78.00 | 0 | 0 | 14.49 | 20.00 |
| Religion | 0 | 1 | 0 | 0 | 10 | 128 | 128.00 | 0 | 0 | 0.72 | 6.36 |
| Science - Physics | 0 | 1 | 0 | 0 | 10 | 26 | 26.00 | 0 | 1 | 7.78 | 9.09 |
| Mythology | 0 | 1 | 1 | 1 | 5 | 99 | 99.00 | 0 | 0 | 2.56 | 7.00 |
| History - European | 0 | 1 | 1 | 1 | 5 | 124 | 124.00 | 0 | 0 | 0.68 | 5.00 |
| Philosophy | 0 | 0 | 0 | 0 | 0 | 0.00 | 0 | 0 | 0.00 | 0.00 | |
| Literature - European | 0 | 0 | 0 | 0 | 0 | 0.00 | 0 | 0 | 0.00 | 0.00 | |
| Literature - World | 0 | 0 | 0 | 0 | 0 | 0.00 | 0 | 0 | 0.00 | 0.00 | |
| History - World | 0 | 0 | 1 | 0 | -5 | 0.00 | 0 | 0 | 0.00 | 0.00 |